| 000 | 00937nam a22002537a 4500 | ||
|---|---|---|---|
| 005 | 20180402172136.0 | ||
| 010 | _aENG-122440 | ||
| 020 |
_a9788171393428 _c800.00 |
||
| 035 | _aEN-105972 | ||
| 037 | _bDBAD/PUB | ||
| 082 | _a362.29 | ||
| 245 |
_aDrug abused : _ced. by Priya Ranjan Trivedi, Vimala Veeraraghavan [and] Shyam Narayan Pandey Adv. by Aaradhana Salpekar, Rahul rai [and] Avinash Chiranjeev _brecent treands in treatment and rehabilitation / |
||
| 260 |
_aNew Delhi _bJnanada Prakashan (P&D) _c2009 |
||
| 270 |
_a4837/2, 24, Ansari Road, Daryaganj, _bNew Delhi _e110002 |
||
| 300 |
_a330p. _bill. _c21cm(Hb) |
||
| 500 | _aIncludes bibliography [and] index | ||
| 700 | _dTrivedi, Priya Ranjan | ||
| 700 | _dVeeraraghavan, Vimala | ||
| 700 | _dPandey, Shyam Narayan | ||
| 700 | _dSalpekar, Aaradhana | ||
| 700 | _drai, Rahul | ||
| 700 | _dChiranjeev, Avinash | ||
| 942 |
_2ddc _cEN _h362.29 _mDRU |
||
| 999 |
_c150632 _d150632 |
||